000 01552nam0a2200361 4500
001 RU\NLR\BIBL_A\012376991
005 20201021154106.0
010 _a978-5-4335-0794-4
_92500
021 _aRU
_bКН-П-20-036446
_9КН-П-20-2769
035 _a(NLR Aleph) 012376991
090 _a11604994
_c11604994
100 _a20201014d2020 d y0rusy50 ca
101 1 _arus
_ceng
102 _aRU
105 _aa z 000ay
181 0 _ai
_baxxe
182 0 _an
200 1 _aОцеола, вождь семинолов
_eповесть о Стране Цветов
_e[роман
_eдля детей среднего школьного возраста]
_fТомас Майн Рид
_g[перевод с английского Бориса Томашевского]
_gиллюстрации Юрия Богачёва
203 _aТекст
_bвизуальный
_cнепосредственный
210 _aМосква
_cНигма
_d2020
215 _a354, [5] с.
_cцв. ил.
_d27
225 1 _aСерия "Страна приключений"
333 _a12+
517 1 _aПовесть о Стране Цветов
686 0 _aШ9(4Вл)62-4
700 1 _7ca
_8rus
_aРид
_bМ.
_f1818-1883
_gМайн
_934136
_3RU\NLR\AUTH\7751202
702 1 _4440
_7ca
_8rus
_aБогачев
_bЮ. Н.
_cиллюстратор
_f1956-
_gЮрий Николаевич
_940941
_3RU\NLR\AUTH\7758009
942 _cBOOK
980 _aNBR
980 _aNB